000 00675nam a2200217Ia 4500
003 OSt
005 20251202121558.0
008 220917b |||||||| |||| 00| 0 eng d
020 _a978 0 8248 36474 (hbk)
037 _cTB
040 _aARTS
_cARTS
_beng
041 _2eng
_aeng
084 _aQ4:67.2 Q4
_qAL
100 _aClarke Shayne
_927546
245 0 _aFamily matters in Indian Buddhist monasticism
260 _aHonolulu,US:
_bUniversity of Hawai's Press;
_c2014.
300 _axiii,277p.
_ccm.
650 _aRELIGION
_9853836
942 _hQ4:67.2, Q4
_cTB
_2CC
_n0
999 _c133011
_d133011